Leader xxxxxxxxxx
001 __ PCLIS00046742
005 __ 20131030144952.0008
010 0_ |a978-957-33-3021-9|b平裝|d新台幣280元
020 __ |atw|b102016799
042 __ |anbic
100 __ |a20131030d2013 y0chiy50 e
101 0_ |achi
102 __ |atw
105 __ |ay z 000yy
200 1_ |a我是漫畫大王|e|f胡杰著
205 __ |a
210 __ |a臺北市|c皇冠|d2013[民102]
215 0_ |a286面|c|d21公分
225 2_ |a皇冠叢書|v第4338種
225 2_ |aJoy|v158
225 2_ |a島田莊司推理小說獎決選入圍作品
300 __ |a
461 _0 |12001 |a皇冠叢書|v第4338種
461 _0 |12001 |aJoy|v158
461 _0 |12001 |a島田莊司推理小說獎決選入圍作品
461 _0 |12001 |a皇冠叢書|v第4338種
461 _0 |12001 |aJoy|v158
681 __ |a857.7|b4740
700 _1 |a胡|b杰|4著
702 __ |a|b|4
801 _0 |atw|b靜宜|gCCR|c20131030
|